don't wanna break up again - Ariana Grande (lyrics) - Statistics

General Stats
  • This quiz has been taken 285 times
  • The average score is 271 of 309
Answer Stats
Answer % Correct
do
100%
don’t
100%
don’t,
100%
Don’t
100%
I
100%
I,
100%
When
100%
wanna
99%
wanna,
99%
break
97%
up
97%
(Up
97%
again
96%
again,
96%
again)
96%
again),
96%
hear
96%
You
96%
you
96%
my
95%
to
95%
To
95%
it
94%
the
94%
The
94%
me
93%
But
92%
heart
92%
heart)
92%
in
92%
So,
92%
So
92%
so
92%
your
92%
keep
91%
breaking
90%
(Breaking
90%
fuck
90%
It’s
90%
it’s
90%
TV
90%
head
89%
just
89%
Just
89%
turn
89%
with
89%
With
89%
on
88%
can’t
87%
end
87%
end)
87%
much
87%
refuse
87%
This
87%
yours
87%
(Yours
87%
situationship
86%
Situationship
86%
time
86%
too
86%
crying
85%
for
85%
has
85%
gotta
84%
No,
84%
I’m
83%
night
83%
really
83%
morning
82%
thing
82%
asleep
81%
fall
81%
sleepless
80%
day
79%
more
78%
One
78%
one
78%
take
78%
therapy
76%
Big
74%
and
72%
did,
72%
easy
72%
even
72%
made
72%
try
72%
Spent
71%
wrong
70%
didn’t
69%
at
68%
Won’t
68%
won’t,
68%
won’t
68%
finally
67%
was
67%
own
66%
We
65%
we
65%
goodbye
63%
our
62%
tears
62%
eyes
61%
Hope
60%
know
59%
(Know
59%
self-soothe
59%
say
57%
abandon
56%
baby
56%
both
56%
codependency
56%
regret
54%
kiss
51%
of
51%
still
51%
little
49%
think
49%
fondly
44%
life
44%
you’ll
44%
Blamed
17%
No matching quizzes found
Score Distribution
Percent of People with Each Score
Percentile by Number Answered
Your Score History
You have not taken this quiz